01579nas a2200397 c 450000100060000000300070000600500170001300700030003000800410003301600450007402200290011903500210014803500270016904000320019608000140022821000190024222200250026124500440028626000730033030000160040331000140041936200490043350000730048250000680055551500520062365000280067565000530070365000310075665500320078770000600081975200810087977600860096085200210104685600710106786600430113885815SpMaBN20260416162251.0ta950203d19221923sp x p 0uuub0spa 7 abiseBNE199500414212SpMaBNzREB9400020870 a2171-16742_uy9943-6604 a(OCoLC)733169875 a(SpMaBN)bise0000037161 aSpMaBNbspacSICerdcdRABA a78.011.260 aCanción pop. 3aLa Canción popular03aLa Canción popular :brevista musical a[Madrid]b[La canción Popular]c1922-1923eMadridfTorrent y Comp. a v.c31 cm aIrregular0 aN. 1 ([abr.] 1922)-año 2, n. 14 (en. 1923) aDesde el n. 2 se encarga de la dirección artística Julio Gómez aDesde el n. 12 figura como director-propietario A. Reyes Moreno aDe algunos numeros se publican nuevas ediciones 7aMúsica popular2embne 0aMúsica-zEspaña-vPublicaciones periódicas 7aCanciones con piano y voz. 7aPublicaciones periódicas.1 aGómez, Juliod1886-1973edirector de la publicación aEspañabMadrid (Comunidad Autónoma)dMadridelugar de publicación4pup08iVersión en líneatCanción popular (Internet)x2990-7136w991054094039708606 aM-RABAjRev-238241uhttp://hemerotecadigital.bne.es/issn/2171-1674yHemeroteca Digital a1922, Año I, n. 3, n. 5, n. 7, n. 13